Bilecik Bilecik Bilecik Bilecik Bilecik

Ortaçağ ekonomisi ve Müslüman tüccarlar (X-XIV. yüzyıllar)/ (Record no. 61060)

MARC details
000 -BAŞLIK
Sabit Uzunluktaki Kontrol Alanı 03988nam a22004217a 4500
001 - KONTROL NUMARASI
Control Dosyası 0061265
003 - KONTROL NUMARASI KİMLİĞİ
Kontrol Alanı KOHA_MİRAKIL
005 - EN SON İŞLEM TARİHİ ve ZAMANI
Kontrol Alanı 20260207004332.0
007 - FİZİKSEL TANIM SABİT ALAN - GENEL BİLGİ
Sabit uzunluklu kontrol alanı ta
008 - SABİT UZUNLUKTAKİ VERİ ÖGELERİ - GENEL BİLGİ
Sabit Alan 170912b2016 tu a|||gr||||#||||0|tur |
020 ## - ISBN - ULUSLARARASI STANDART KİTAP NUMARASI
Isbn 9786054944095
040 ## - KATALOGLAMA KAYNAĞI
Özgün Kataloglama Kurumu TR-BiSEU
Kataloglama Dili tur
Çeviri Kurumu TR-BiSEU
Açıklama Kuralları rda
041 0# - DİL KODU
Metin ya da ses kaydının dil kodu tur
044 ## - YAYINLAYAN/ÜRETEN KURULUŞUN ÜLKE KODU
ISO country code tu
050 ## - SINIFLAMA ve YER NUMARASI
Sınıflama Numarası HC41
Yer Numarası .O93 2016
100 1# - KİŞİ ADI
Yazar Adı (Kişi adı) Özdal, Ahmet N..
245 1# - ESER ADI BİLDİRİMİ
Başlık Ortaçağ ekonomisi ve Müslüman tüccarlar (X-XIV. yüzyıllar)/
Sorumluluk Bildirimi Ahmet N. Özdal ; Ahmet N. Özdal.
264 #1 - ÜRERİM, YAYIN, DAĞITIM ve TELİF BİLDİRİMİ
Yayın yeri İstanbul :
Yayınlayan Selenge Yayınları
Yayın tarihi 2016
300 ## - FİZİKSEL TANIMLAMA
Sayfa, Cilt vb. 584 sayfa :
Diğer fiziki detaylar resim, tablo, grafik
336 ## - İÇERİK TÜRÜ
Content type term metin
Content type code txt
Source rdacontent
337 ## - MEDYA TÜRÜ
Media type term aracısız
Media type code n
Source rdamedia
338 ## - TAŞIYICI TÜRÜ
Carrier type term cilt
Carrier type code nc
Source rdacarrier
490 1# - DİZİ BİLDİRİMİ
Dizi Bildirimi Selenge yayınları ;
Cilt Numarası 83.
490 1# - DİZİ BİLDİRİMİ
Dizi Bildirimi Tarih serisi ;
Cilt Numarası 70.
500 ## - GENEL NOT
Genel Not Kaynakça ve dizin var.
505 ## - İÇİNDEKİLER NOTU
İçindekiler Notu İÇİNDEKİLER KISALTMALAR DİZİNİ 11 ÖNSÖZ 13 KAYNAKLAR HAKKINDA 15 GİRİŞ TİCARETE ÖVGÜ 26 I. KAZANÇ YOLLARI 30 II. HARCAMA BİÇİMLERİ 42 IIİ. TİCARET AHLAKİ 46 IV. TİCARET USULLERİ 48 V. BİR İŞİ KURUP GELİŞTİRMEK - BÜYÜTMEK 51 BİRİNCİ BÖLÜM İKTİSADİ DURUM 1.1. ÜRETİM 67 1.1.1. Tarımsal Üretim Bölgeleri 67 1.1.2. Üretici Gruplan 80 1.1.2.1. Köylüler 80 1.1.2.2. Göçebeler 84 1.2. PİYASALAR 88 1.2.1. Arz - Talep ve Geçim 88 1.2.2. Kriz & Kıtlık 93 1.3. İKTİSADİ ÇÖKÜŞ 130 1.4. PARA130 İKİNCİ BÖLÜM TİCARET 2.1. SATINALIM 164 2.1.1. Ticaret Kolonileri 164 2.1.2. Vekîlü't-Tüccâr / Şehbender 173 2.1.3. Satmalım Âdetleri 175 2.1.4. Yabancı Ülke Âdetleri 179 2.2. YOLLAR VE GÜZERGÂHLAR 189 2.2.1. Ticaret Rotaları 189 2.2.2. Sınırlar ve Uygarlığın Kıyıları 206 2.2.3. Yol İşaretleri ve Konaklama 212 2.2.4. Kervan Yolculuğu 215 2.2.5. Deniz Yolculuğu 224 2.2.6. Yol Tehlikeleri 228 2.3. NAKLİYAT & LOJİSTİK 236 2.3.1. Taşımacılık 236 2.3.2. Liman 245 2.3.3. Gümrük 255 2.3.4. Serbest Dolaşım Belgeleri 267 2.3.5. Paketleme - Ambalaj 269 2.3.6. Depolama 273 2.4. SATIŞ 277 2.4.1. Şehir (Büyük Pazar) 277 2.4.2. Çarşı & Pazar 290 2.4.3. İş Merkezi - Han - Funduk 303 2.4.4. Dükkân & Ofis 306 2.4.5. Fuar, Panayır ve Diğer Geçici Pazarlar 307 2.5. PAZARLAMA 315 2.5.1. Standardizasyon ve Denetlemeler 315 2.5.2. Sunum - Pazarlama 327 2.5.3. Fiyatlandırma 335 ÜÇÜNCÜ BÖLÜM TİCARİ İŞLEM 3.1. ÖDEME ARAÇLARI 342 3.2. BANKACILIK 346 3.3. KIYMETLİ EVRAK 352 3.4. BÖRSA OYUNLARI 356 3.5. TİCARİ ORTAKLIKLAR 358 3.6. TİCARİ YAZIŞMALAR, MUHASEBE VE BELGELER 362 3.7. POSTA / İLETİŞİM SİSTEMİ 367 3.8. İŞLETMECİLİK 369 DÖRDÜNCÜ BÖLÜM TÜCCAR 4.1. HAYAT STANDARTLARI, GÜNDELİK YAŞAM VE ALIŞKANLIKLAR 392 4.2. TÜCCAR VE AİLESİ 428 4.3. SOSYAL / DİNİ SORUMLULUK 437 4.1. TOPLUMSAL KONUM & SOSYAL STATÜ 440 4.2. BAĞLANTILAR & NETWORKING 445 4.3. ÖRGÜTLENME 456 4.6.1. Tüccar Örgütleri 458 4.6.2. Tüccar Diasporalan 462 4.6.3. Yabancı Tüccarlar 472 4.6.4. Esnaf Örgütlenmeleri 483 4.7. TÜCCAR - ETKİLERİ 488 4.7.1. Ürünlerin Yayılması 488 4.7.2. Ortak Ticaret Dilleri 492 4.7.3. Dünyaya Ticareti Öğretmek 496 4.7.4 Islamiyeti Yaymak 500 4.7.5. Ekonomisi Ticarete Dayanan Ülkeleri Ayakta Tutmak 505 4.7.6. Globalleşmeyi Sağlamak 507 SONUÇ 510 KAYNAKÇA 512 EKLER 538 Ek-1. İncelenilen Dönemde Yaşamış ölan Bazı Tüccarlar 558 DİZİN 577
650 #0 - KONU BAŞLIĞI EK GİRİŞ - KONU TERİMİ
Konusal terim veya coğrafi ad Ekonomi tarihi--Ortaçağ, 500-1500.
9 (RLIN) 113550
650 #0 - KONU BAŞLIĞI EK GİRİŞ - KONU TERİMİ
Konusal terim veya coğrafi ad Sosyal tarih--Ortaçağ, 500-1500.
9 (RLIN) 113224
650 #0 - KONU BAŞLIĞI EK GİRİŞ - KONU TERİMİ
Konusal terim veya coğrafi ad Avrupa--Ekonomik koşullar--1492'ye kadar.
9 (RLIN) 113551
650 #0 - KONU BAŞLIĞI EK GİRİŞ - KONU TERİMİ
Konusal terim veya coğrafi ad Avrupa--Sosyal koşullar--1492'ye kadar.
9 (RLIN) 113552
650 #0 - KONU BAŞLIĞI EK GİRİŞ - KONU TERİMİ
Konusal terim veya coğrafi ad Economic history--Medieval, 500-1500.
9 (RLIN) 113553
650 #0 - KONU BAŞLIĞI EK GİRİŞ - KONU TERİMİ
Konusal terim veya coğrafi ad Social history--Medieval, 500-1500.
9 (RLIN) 79855
650 #0 - KONU BAŞLIĞI EK GİRİŞ - KONU TERİMİ
Konusal terim veya coğrafi ad Europe--Economic conditions--To 1492.
9 (RLIN) 113554
650 #0 - KONU BAŞLIĞI EK GİRİŞ - KONU TERİMİ
Konusal terim veya coğrafi ad Europe--Social conditions--To 1492.
9 (RLIN) 113555
830 1# - SERİ EK GİRİŞİ - TEKBİÇİM ESER ADI
Tekbiçim Başlık Selenge yayınları ;
Volume number/sequential designation 83.
9 (RLIN) 42030
830 1# - SERİ EK GİRİŞİ - TEKBİÇİM ESER ADI
Tekbiçim Başlık Tarih serisi ;
Volume number/sequential designation 70.
9 (RLIN) 13124
942 ## - EK GİRİŞ ÖGELERİ (KOHA)
Source of classification or shelving scheme Library of Congress Classification
Koha item type Book
Holdings
Materyal Türü Kalıcı Konum Mevcut Konum Raf Yeri Sınıflandırma Kaynağı Edinim Bilgisi Ana Konular Alt Konular Yer Numarası Demirbaş Numarası Fatura Tarihi Geri Çekilme Durumu Kayıp Durumu Hasarlı Durumu Kredi için değil Kayıt Tarih Toplam Ödünçverme Son Görülme Tarihi Son Kontrol Tarihi
Book Prof. Dr. Azmi Özcan Kütüphanesi Prof. Dr. Azmi Özcan Kütüphanesi Uluğbey Salonu Library of Congress Classification Satın SOSYAL BİLİMLER Ekonomi Tarihi ve Koşulları HC41 .O93 2016 0061265 02/02/2026         12/09/2017 2 05/12/2024 05/12/2024